00650nam a22002297a 4500003001000000005001700010008004100027040001400068041000700082100003300089245005600122250003200178260000900210300001400219310001600233500005200249650002000301654001200321700005600333942001200389999001900401IT-MiCISF20251116003510.0251116b |||||||| |||| 00| 0 eng d cIT-MiCISF ait aChiari Elisa (et al.)962767 a12enni. Lìetà dello tsunami. (Ma niente panico) a"Famiglia cristiana", n. 45 c2025 app. 32-37 asettimanale apreadolescenza, esperienze, educazione-sessuale aEtà-evolutiva adossier aGallelli M., Ricci S., Cometti A., Pellai A.962768 2ddccCR c360668d360668